Rubik's Cube PLL Permutations with Picture - Statistics

General Stats
  • This quiz has been taken 117 times
  • The average score is 18 of 21
Answer Stats
Picture Answer % Correct
T
99%
Jb
94%
E
93%
F
93%
Ga
87%
Gb
87%
Ja
87%
Nb
87%
Ub
87%
Y
87%
Gc
86%
Gd
86%
Ua
86%
V
86%
Ab
84%
H
84%
Na
84%
Z
84%
Aa
83%
Ra
82%
Rb
82%
No matching quizzes found
Score Distribution
Percent of People with Each Score
Percentile by Number Answered
Your Score History
You have not taken this quiz